| Tag |
First Indicator |
Second Indicator |
Subfields |
| LEADER |
00000cam a2200000 a 4500 |
| 001 |
in00001324021 |
| 005 |
20151005081140.0 |
| 008 |
941223s1995 inu 000 0 eng |
| 010 |
|
|
|a 94048670
|
| 020 |
|
|
|a 0872202151 (alk. paper)
|
| 020 |
|
|
|a 0872202143 (pbk. : alk. paper)
|
| 035 |
|
|
|a (OCoLC)31815210
|
| 035 |
|
|
|9 AHD3128AM
|
| 040 |
|
|
|a DLC
|c DLC
|d TXA
|d UtOrBLW
|
| 049 |
|
|
|a TXAM
|
| 050 |
0 |
0 |
|a B819
|b .E865 1995
|
| 082 |
0 |
0 |
|a 142/.78
|2 20
|
| 245 |
0 |
0 |
|a Existentialism :
|b basic writings /
|c edited, with introductions, by Charles Guignon and Derk Pereboom.
|
| 264 |
|
1 |
|a Indianapolis :
|b Hackett,
|c [1995]
|
| 264 |
|
4 |
|c ©1995
|
| 300 |
|
|
|a xxxviii, 340 pages ;
|c 23 cm.
|
| 336 |
|
|
|a text
|b txt
|2 rdacontent
|
| 337 |
|
|
|a unmediated
|b n
|2 rdamedia
|
| 338 |
|
|
|a volume
|b nc
|2 rdacarrier
|
| 504 |
|
|
|a Includes bibliographical references.
|
| 650 |
|
0 |
|a Existentialism.
|
| 700 |
1 |
|
|a Guignon, Charles B.,
|d 1944-
|
| 700 |
1 |
|
|a Pereboom, Derk,
|d 1957-
|
| 999 |
|
|
|a MARS
|
| 999 |
f |
f |
|s 8d28e9ee-c532-39d3-8bd8-144a6bffa5d8
|i b7dc8e28-5f7c-3aa7-9e87-f547983822c4
|t 0
|
| 952 |
f |
f |
|p normal
|a Texas A&M University
|b College Station
|c Sterling C. Evans Library
|d Evans: Library Stacks
|t 0
|e B819 .E865 1995
|h Library of Congress classification
|i unmediated -- volume
|m A14820960031
|
| 998 |
f |
f |
|a B819 .E865 1995
|t 0
|l Evans: Library Stacks
|